Statistics for Transcontinental countries (with map)

Click here to take the quiz!

General Stats

  • This quiz has been taken 1,153 times
  • The average score is 22 of 27

Answers on the Map

Answers color-coded by a green-red scale on the quiz's map according to % correct below.
 

Answer Stats

ContinentsCountryDescription% Correct
Europe, Asia, North America ?RussiaThis one seems obvious: the Europe-Asian border cuts right through Russia: beginning in the Black Sea, it following the Greater Caucasus Watershed, the Caspian Sea, the Ural River and Ural Mountains to the Kara Sea in the North.
Depending on the continental boundary definition, Russia's part of the Aleutian Islands and Big Diomede / Ratmanov Island may be considered part of North America.
99%
Asia, EuropeTurkeyThe Eastern Thrace region of Turkey (west of Istanbul) is located in the Balkans
98%
Europe, AfricaSpainSpain has territories including one autonomous community (Canary Islands), one province (Almería due to the Island of Albóran) and two autonomous cities (Ceuta and Melilla) in Africa with close to 5% of the population living on the African continent. Furthermore, the "plazas de soberanía" on the Maroccan coast are under a different status, akin to unincorporated territories.
95%
North America, Oceania, Asia ?USAThe state of Hawaii is indisputably a part of Oceania.The same applies to the Palmyra Atoll, which - unlike other "unincorporated" US possessions in the Pacific (which count as dependent territories) - is an "incorporated" territory and therefore integral part of the US.
Depending on the continental boundary definition, the western part of the Aleutian Islands, Little Diomede Island and other Bering Sea islands like St. Lawrence Island may be considered part of Asia, making Alaska a transcontinental state.
95%
Africa, AsiaEgyptThe modern convention for the land boundary between Asia and Africa runs along the Isthmus of Suez and the Suez Canal in Egypt, making the Sinai Peninsula a part of Asia.
94%
Europe, Africa, North America, South AmericaFranceThe French regions of French Guiana (South America), Guadeloupe, Martinique (both North America), Mayotte, and Réunion (both Africa) have the same status as the regions of metropolitan France - unlike other oversees territories like French Polynesia, Saint Pierre & Miquelon or New Caledonia.
93%
Asia, OceaniaIndonesiaWhile the exact border between Asia and Oceania in the Malay archipelago is a matter of debate, all projections allocate the whole island of New Guinea (with its westen Indonesian part) to the Melanesia region of Oceania. Some go even as far as to claim Sulawesi and Lombok for Oceania.
90%
North America, South America ?PanamaConventionally though debatably, the border between the American continents is located somewhere in the Darién Gap, most notably along the Darién Mountains Watershed which would make the south eastern tip of Panama (near the source of Río Jampavadó) part of South America. A less common projection places the continental border on the Panama Canal.
88%
Europe, Africa, North America ?PortugalThe Portuguese archipelago of Madeira is geographically associated with Africa (though culturally with Europe).
Geologically, the Azores island group is located near the Azores Triple Junction with all but two of its main islands scattered over the boundary between the African Plate and the Eurasian Plate, while Corvo Island and Flores Island are situated on the North American Plate.
86%
Asia, EuropeGeorgiaThe regions of Khevi, Khevsureti and Tusheti of Georgia are mainly located north of the Greater Caucasus Watershed, and thus geographically in Europe.
85%
South America, North America, Oceania ?ColombiaThe Colombian Archipelago of San Andrés, Providencia and Santa Catalina department is located in the Caribbean Sea making it a part of North America.
Malpelo Island, 500 km / 310 mi west of Colombia's Pacific coast is usually considered a part of South America and only very rarely of Oceania.
Moreover, since the land border between North and South America is not exactly determined, Colombia may extend through the Darién Gap to the North American side - especially in the area west of the Río Atrato delta.
82%
Europe, AfricaItalyItaly has a number of small islands south of Sicily which, geographically can be considered part of the African continent, due to their proximity to Tunisia: while Pantelleria and Linosa are usually considered part of Europe, Lampedusa and Lampione are seen as part of Africa.
82%
Asia, EuropeAzerbaijanSome districts of Azerbaijan (mostly north of Sumgait City) with ca. 5% of the country's population (half a million people) are located north of the Greater Caucasus Watershed, and thus geographically in Europe.
80%
South America, OceaniaChileChile regards itself as a "tricontinental country": Besides its South American territory, it claims an Antarctic possession (which, according to the quiz description above, does not count) and has sovereignty over multiple Pacific Islands: most notably Easter Island, but also Isla Salas y Gómez (the easternmost point in the Polynesian Triangle), Juan Fernández Islands and Desventuradas Islands (the latter two being usually associated with South America).
80%
North America, Oceania ?MexicoMexico contains the Revillagigedo Islands, the most remote island being Isla Clarión (700 km / 430 mi from the mainland.). The islands are usually associated with North America - however, to count them to Oceania is not unthinkable.
79%
Europe, Asia ?GreeceThe territory of Greece includes a number of islands just off the coast of Asia Minor, such as Rhodes, Kos, Samos, Chios and Lesbos, but especially Kastellorizo with its adjacent islands. However they consider themselves part of Europe due to cultural ties.
78%
South America, Africa ?BrazilAdmittedly, Brazil is probably not a transcontinental country, not even due to its most remote island possession: the Saint Peter and Saint Paul Archipelago - a cluster of rocks on the Mid-Atlantic Ridge or slightly to its east on the African side.
77%
South America, Oceania ?EcuadorEcuador contains the Galápagos Islands, which, depending on the definition, either lie in South America or are considered part of the Oceanian islands - however, latter perspective is highly unusual.
77%
Europe, North America, South America ?NetherlandsThe Kingdom of the Netherlands comprises three autonomous "constituent countries" in the Caribbean (Aruba, Curaçao, Sint Marteen, all of which count as dependencies) and one constituent country, the Netherlands, with most of its area in Europe but also encompassing three overseas Caribbean municipalities - Sint Eustatius, Saba and Bonaire. The last one could also be seen as part of South America due to its proximity.
77%
Asia, OceaniaJapanJapan's Izu, Ogasawara and Volcano Islands as well as Nishinoshima and Okinotorishima are occasionally considered part of Oceania. While these claims are well substantiated, only Minami-Tori-shima (Marcus Island) is unequivocally part of Oceania.
76%
Asia, AfricaYemenWhile Yemen's Red Sea islands lie on the Asian continental shelf like the mainland, the archipelago of Socotra off the Horn of Africa lies on the African shelf and is geographically closer to Somalia than to the Yemeni coast.
75%
South America, North AmericaVenezuelaVenezuela's Aves Island is located 547 km / 340 mi north of the mainland in the middle of the Caribbean Sea which is a part of North America. Venezuela's Federal Dependencies and the state of Nueva Esparta which are comprised of Caribbean islands right off the South American coast are usually considered South American, unless all of the Caribbean is viewed as North American.
73%
Africa, Antarctica ?South AfricaThis claim may be a bit dubious: The South African Prince Edward Islands (not to be confused with the name-related Canadian province) in the southern Indian Ocean are positioned between the African and Antarctic continents, the distance to Africa being a bit shorter. Tectonically, they are tied to Antarctica by the Antarctic plate and they are considered to belong to the "subantarctic islands", most of which are dependent territories of other nations.
71%
North America ?, EuropeIcelandLocated between Europe and Greenland (which is geographically part of North America), Iceland is considered european for historical, cultural and political reasons. Geologically, it lies right on the Mid-Atlantic Ridge which separates the North American and Eurasian Plate, causing frequent volcanic activity. The island's capital, Reykjavík, is located on the North American side.
69%
Asia, EuropeKazakhstanA small portion of Kazakhstan extends west of the Ural River into Eastern Europe.
69%
North America, Oceania ?Costa RicaCosta Rica's Cocos Island is usually regarded as the southernmost point of North America. Since it is a remote island in the middle of the Pacific Ocean, allocating it to Oceania is not out of the picture.
66%
North America, South America ?Trinidad and TobagoThe southern half of Trinidad lies on the South American Plate while the northern half of Trinidad and the island of Tobago lie on the Caribbean Plate. However, these geological features do not necessarily qualify Trinidad and Tobago as a transcontinental state, as the whole territory is usually labeled geopolitically as part of North America.
63%

Score Distribution

Percentile by Number Answered

Percent of People with Each Score

Your Score History

You have not taken this quiz